000 01104nam a22004097a 4500
005 20251113152358.0
008 160912b2000 xxu||||| |||| 00| 0 spa d
020 _a8488153082
041 _aESP
082 _a617.643 A283t
100 _aÁguila, F. Juan
_918101
245 _aTratado de ortodoncia
260 _aVenezuela
260 _bActualidades Médico Odontológicas
260 _c2000
300 _a645 páginas
300 _bIlustraciones a blanco y negro
490 _aMecánica Dental
650 _aORTODONCIA
650 _aOCLUSIÓN
650 _aMÉTODO MOYERS
650 _aMÉTODO REES
650 _aMÉTODO DE TANAKA-JOHNSTON
650 _aRADIOGRAFÍAS
650 _aMALOCLUSIÓN
650 _aCARIES DENTAL
650 _aHIGIENE BUCAL
650 _aCEFALOMETRÍA
650 _aORTOPEDIA FUNCIONAL
650 _aAPARATOS FUNCIONALES DE BIMLER
650 _aFUNCIÓN DE FRÄNKEL
650 _aACTIVADOR ELÁSTICO ABIERTO
650 _aAPARATO HERBEST
650 _aMÁSCARA ORTOPÉDICA FACIAL
650 _aDISYUNCIÓN MAXILAR
942 _cBK
_2ddc
999 _c9979
_d9979